| 000 | 00372nam a22001337a 4500 | ||
|---|---|---|---|
| 999 |
_c17420 _d17420 |
||
| 008 | 190211b xxu||||| |||| 00| 0 eng d | ||
| 020 | _a9966120861 | ||
| 050 |
_aBT1106 _b .K54 1984 c.1 |
||
| 100 | _aKigame, Reuben | ||
| 245 |
_aChristian Apologetics through African Eyes _cReuben Kigame |
||
| 260 |
_aNairobi _bPosterity _c1984 |
||
| 300 | _ax, 496p. | ||
| 942 |
_2lcc _cBK |
||